000 00286nam a22001337a 4500
008 170511b xxu||||| |||| 00| 0 eng d
020 _a9781422424469
041 _aeng
080 _a347
100 _a15
101 _aSHJ
245 _aCIVIL PROCEDURE
_cDUNHAM ,C.R
942 _2udc
_cBK
999 _c13261
_d13261